[Event "FIDE World Cup"]
[Site "Khanty-Mansiysk"]
[Date "2011.08.28"]
[Round "1.1"]
[White "Nielsen, Peter Heine"]
[Black "Postny, Evgeny"]
[Result "1/2-1/2"]
[WhiteElo "2681"]
[BlackElo "2618"]
[Annotator "Postny,E"]
[PlyCount "133"]
[EventDate "2011.08.28"]
[EventType "k.o."]
[EventRounds "7"]
[EventCountry "RUS"]
[SourceTitle "CBM 145"]
[Source "ChessBase"]
[SourceDate "2011.11.11"]
[SourceVersion "1"]
[SourceVersionDate "2011.11.11"]
[SourceQuality "1"]

1. d4 d5 2. c4 c6 3. Nc3 Nf6 4. e3 a6 5. Nf3 b5 6. b3 Bf5 {The main line is 6..
.Bg4, which I've played beforehand. However, I didn't want to compete with
Peter Heine in actual opening lines. After all, the second of World Champion
must have deeper opening preparation than mine. Therefore, I chose a side line
6...Bf5, which is also playable.} 7. Bd3 {This solid reply is not without a
venom.} (7. Ne5 {is a more aggressive continuation.} h6 (7... e6 8. g4 Bg6 9.
h4 Bb4 10. Bd2 Bxc3 11. Bxc3 Ne4 12. Bb4 $14) 8. g4 Bh7 9. Bg2 e6 10. O-O Bd6
11. Bb2 O-O 12. Rc1 Ra7 13. c5 Bc7 14. Ne2 a5 15. f3 Nfd7 16. f4 f6 17. Nd3 $14
{1/2-1/2 Grischuk,A (2719)-Morozevich,A (2732)/Sochi 2004/CBM 101 (26)}) 7...
Bxd3 (7... e6 {is a worthy alternative, played by several strong grandmasters,
but I didn't want to spoil my pawn structure.}) 8. Qxd3 {Normally, in such
structures the exchange of light-squared bishops favours Black. Here, however,
Black is lagging in development and has to be careful.} e6 9. O-O Be7 10. e4 $1
{White opens up the centre before Black completes his development.} b4 (10...
dxe4 11. Nxe4 Nbd7 12. Nxf6+ Nxf6 (12... Bxf6 13. Ba3 Be7 14. Bxe7 Qxe7 15. d5
cxd5 16. cxd5 $14) 13. Ne5 $14 {[%csl Rc6]}) 11. e5 bxc3 12. exf6 Bxf6 13. Ba3
{The Pc3 won't run away, meanwhile Black's king is stuck in the centre for a
while.} Qa5 14. Bd6 Nd7 (14... Qd8 15. c5 Be7 16. Bf4 O-O 17. Qxc3 Nd7 18. Rfe1
Bf6 19. a3 Re8 20. Rab1 Ra7 21. b4 $14 {1/2-1/2 Gibney,E (2489)-Marconi,R 
(2049)/ICCF email 2005/Telechess CBM 126 (63)}) 15. Rac1 ({I was mildly
worried about} 15. c5 $5 $14 {Later on White has a clear plan of advancing his
pawn majority on the queenside. Meanwhile, it won't be easy for Black to do
anything constructive.}) 15... c5 $1 {Looks risky, but is in fact the only
move.} (15... Qxa2 $4 16. Qxc3 $18 {[%csl Ra2][%cal Gc1c2,Gc1a1]}) (15... Be7
$2 16. Bxe7 Kxe7 17. Rxc3 {White has a strong initiative for free. Black's
monarch is not safe.}) 16. cxd5 {Now the play is becoming forced for a while.}
(16. Qe3 $6 cxd4 17. Nxd4 Qb6 18. Nxe6 Qxd6 19. Nc7+ Kd8 20. Nxa8 (20. Nxd5 Re8
21. Qf3 Rc8 22. Rfd1 Qe6 23. Nxc3 Kc7 $17) 20... Re8 21. Qd3 Qc6 22. cxd5 Qxa8
$15 {[%csl Gc3]}) 16... cxd4 17. dxe6 fxe6 18. Qe4 {[%csl Ra8,Re6]} (18. Nxd4
$4 Qd5 $19) 18... Qd5 19. Qxd5 exd5 20. Rfd1 {Before playing 15...c5 I was
trying to figure out what this position is all about. Black's pawns might fall
one after another, unless he achieves some dynamic counterplay.} Kf7 21. Nxd4
Rhe8 22. Kf1 $1 ({I was calculating the following variation:} 22. Bb4 Re4 23.
Bxc3 Rc8 24. Nf5 Rxc3 25. Rxc3 Bxc3 26. Nd6+ Ke7 27. Nxe4 dxe4 28. Rc1 Bd2 $11)
22... Re4 (22... Rac8 23. Bb4 Re4 24. Rxc3 Rb8 25. Rc7 $1 Rxb4 26. Nc2 $1 Ke6
27. Rc6+ Ke7 28. Nxb4 Rxb4 29. Rxd5 $16) 23. Ne2 $6 (23. Nf5 $1 Ke6 (23... g6
24. Ng3 Re6 25. Bb4 (25. Rxd5 $2 Nb6 26. Rdd1 Rc8 {[%cal Gc3c2]}) 25... Rc8 (
25... d4 26. Bxc3 dxc3 27. Rxd7+) 26. Ne2 $16 {[%csl Rc3]}) 24. f3 Kxf5 25.
Rxd5+ (25. fxe4+ Kxe4 26. Bb4 Rc8 27. Re1+ Kf5 28. Red1 Ke4 {White doesn't
have more than a repetition of moves, otherwise Black's passed pawns will
become too dangerous.}) 25... Re5 26. Bxe5 Nxe5 27. Rxc3 Ke6 28. Rd2 {I am not
sure how to evaluate this position, but Black is clearly suffering.}) 23... d4
24. f3 Rxe2 $1 {Actually, this is practically forced.} 25. Kxe2 Ke6 $44 26. Bg3
Nc5 $2 {An obvious move, but, unfortunately, a miscalculation.} (26... Re8 $1
27. Bf2 (27. Kf1 Rc8 28. Bf2 Kd5 {- see 27.Bf2.}) 27... Kd5+ 28. Kf1 Rc8 29.
Rd3 {[%csl Rd4][%cal Gc1d1]} (29. Be1 {is the safest.} Ke6 30. Bf2 Kd5 $11)
29... Nf8 $8 30. g3 Ne6 {Here Black is the only one who can play for a win,
for instance ...a5-a4 is the idea.}) 27. Bf2 d3+ 28. Kf1 $1 (28. Rxd3 $2 Nxd3
29. Kxd3 Rd8+ {and the rook is penetrating to d2.}) 28... c2 {Sad necessity.} (
28... d2 $2 29. Rxc3 $1 {This is what I'd overlooked when playing 26...Nc5.}
Bxc3 30. Bxc5 $18 {[%csl Rd2][%cal Gc5e3,Gf1e2] The Pd2 won't survive.}) 29.
Bxc5 cxd1=R+ 30. Rxd1 Rc8 $1 {It is useful to force the move b3-b4. Later on
this pawn will become a target.} 31. b4 Rd8 32. Kf2 Bc3 33. Ke3 d2 34. Ke2 Rb8
35. Kd3 (35. a3 a5 36. Kd3 axb4 37. Kc4 bxa3 $1 38. Kxc3 Rc8 39. Kb4 a2 40. Bd4
Rc1 41. Rxd2 a1=Q 42. Bxa1 Rxa1 $11) 35... Bxb4 36. Bxb4 Rxb4 37. Rxd2 {
So, we reached this ending where I am a pawn down, and have to show some
technique to prove that rook endgames are always drawn.} h5 $6 {Already a step
in the wrong direction.} (37... Ra4 $1 38. Kc3 Ra5 $1 39. Kb4 Rb5+ {The rook
creates a sort of a barrier against the penetration of White's king.} 40. Kc4 (
{After} 40. Ka4 h5 41. a3 g5 {White can't make any progress. If the rook goes
to d8, Black will always have counterplay after Rb2.}) 40... Ra5 41. Rb2 h5 42.
Rb6+ Kf7 43. Kb3 Rg5 44. g3 h4 $1 45. gxh4 Rf5 46. Rxa6 Rxf3+ 47. Kc4 Rf4+ $11)
38. Kc3 Rb1 ({Here the same trick doesn't work:} 38... Ra4 39. Kb3 Ra5 40. a4
$1 {and the rook on a5 is misplaced.}) ({It was possible to hold the rook on
the sixth rank:} 38... Rb6 $5 {but, I thought it's too passive.}) 39. Rb2 Rg1
$2 {I intended to play the correct 39...Rh1, but got nervous in time-trouble.
The move in the text has absolutely no point.} (39... Rh1 40. h3 (40. g3 Rf1
41. f4 h4 {should be enough for a draw.}) 40... Rc1+ $1 (40... g5 $2 41. Kb4 g4
42. fxg4 hxg4 43. hxg4 Rh4 44. Ka5 Rxg4 45. Kxa6 $18) 41. Kb4 Rc6 42. Ka5 Kf5
43. a4 (43. Rb4 Rc2 44. g4+ Kf6 $1 45. a4 h4 46. Kxa6 (46. Rb3 Rh2 47. f4 Rg2
48. Kxa6 Rg3) 46... Rh2 47. a5 Rxh3 {In both cases the h-pawn gives Black
enough counterplay.}) 43... h4 44. Rb6 Rc4 45. Rxa6 (45. Rb4 $2 Rxb4 46. Kxb4
Kf4 47. Ka5 Kg3 {Here is the point of provoking h2-h3.} 48. Kxa6 Kxg2 49. Kb6
Kxh3 50. a5 Kg3 $11) 45... Rc2 46. Rb6 Rxg2 47. Rb4 Rg3 48. Rxh4 Rxf3 49. Kb6
Rb3+ 50. Kc6 Ra3 51. Kb5 Ke6 {[%cal Ge6d6,Gd6c7] I think Black should hold
this.}) 40. Kb4 $18 Kd5 {Here I realised that my position is lost.} 41. a4 (41.
Rd2+ Kc6 42. Ka5 {[%csl Ra6] should be an easy win, but the move in the text
doesn't spoil anything.}) 41... Kd4 {I considered the activation of the king
as the last practical chance.} 42. Ka5 Kc3 43. Rf2 Ra1 44. Re2 g5 45. g3 $6 {
Gives me an unnecessary target.} (45. Re5 {was called for.} Kb3 46. Kxa6 Rxa4+
47. Kb5 Rb4+ 48. Kc6 g4 49. Rxh5 gxf3 50. Rh3 $18) 45... h4 46. gxh4 gxh4 47.
Re3+ Kc2 48. Re4 $2 (48. f4 $1 Rf1 49. Kxa6 Rxf4 50. a5 Rf6+ 51. Kb7 Rf7+ 52.
Kc6 Rf6+ 53. Kc7 Rf7+ 54. Kd6 Ra7 55. Re5 $18) 48... h3 49. Kxa6 (49. Rh4 Kb3
50. Kxa6 Rxa4+ 51. Rxa4 Kxa4 {Funnily, Black's king holds everything.} 52. Kb6
Kb4 53. Kc6 Kc4 54. Kd6 Kd4 $11 {[%cal Gd4e3]}) 49... Rh1 $2 {Slipping again,
just a step away from equality.} (49... Kd3 $1 50. Rh4 Ra2 51. Rxh3 Rxa4+ 52.
Kb5 Rf4 53. Kc5 Ke3 $11) 50. a5 $2 {The final mistake, after which the draw
becomes inevitable. Clearly time-trouble and overall pressure played its role
in this endgame.} (50. Re2+ Kd3 51. Ra2 Rg1 52. Ra3+ Kc4 53. f4 {The point.
White gets to the h-pawn first. We both missed this.} Rf1 54. Rxh3 Rxf4 55. Rh5
$1 Rf6+ 56. Kb7 Rf7+ 57. Kc6 Rf6+ 58. Kd7 Kb4 59. a5 $18) 50... Rxh2 {Now it's
an easy draw, the Ph3 gives me sufficient counterplay.} 51. Rh4 Kd3 52. Kb7
Rb2+ 53. Kc7 Rc2+ 54. Kb6 Rb2+ {I just give checks until the white king blocks
its own pawn.} 55. Kc5 Rc2+ 56. Kb5 Rb2+ 57. Ka6 h2 58. Ka7 Ke3 59. f4 (59. Rh3
Kf4 60. a6 Ke3 61. Ka8 Kf4 62. a7 Ke3 $11) 59... Kf3 60. f5 Kg3 61. Rh8 Rb5 62.
a6 Rxf5 63. Kb7 Rf7+ 64. Kb6 Kg2 65. a7 Rxa7 66. Rxh2+ Kxh2 67. Kxa7 1/2-1/2

[Event "EU-Cup 30th"]
[Site "Bilbao"]
[Date "2014.09.19"]
[Round "6.3"]
[White "Postny, Evgeny"]
[Black "Movsesian, Sergei"]
[Result "0-1"]
[WhiteElo "2641"]
[BlackElo "2663"]
[Annotator "Postny,E"]
[PlyCount "166"]
[EventDate "2014.09.14"]
[EventType "team-swiss"]
[EventRounds "7"]
[EventCountry "ESP"]
[SourceTitle "CBM 163"]
[Source "ChessBase"]
[SourceDate "2014.11.11"]
[SourceVersion "1"]
[SourceVersionDate "2014.11.11"]
[SourceQuality "1"]
[WhiteTeam "Beer Sheva"]
[BlackTeam "St Petersburg"]
[WhiteTeamCountry "ISR"]
[BlackTeamCountry "RUS"]

1. d4 d5 2. c4 c6 3. Nf3 Nf6 4. Nc3 a6 5. c5 Bf5 {One of the pet lines of
Sergei Movsesian.} 6. Nh4 {This is a side line, but it has appeared in games
of top grandmasters, so I decided to give it a try.} (6. Bf4 {is the main move.
}) 6... Bg6 (6... Bc8 {played a couple of times by Vassily Ivanchuk. It seems
that White doesn't have anything better than} 7. Nf3 Bf5 {and now to go for
the main line} 8. Bf4) 7. Bf4 Nbd7 8. e3 {I mixed up the order of moves a bit.
Nothing dramatic, but it gives Black an additional option of saving the bishop,
at least for a while.} (8. Nxg6 hxg6 9. h3 {is, probably, more precise.
Practice has shown that White can hope for a slight edge here.} (9. e3 $6 e5 $1
10. dxe5 Nh5 {and Black is fine.}) 9... e6 10. e3 Be7 11. Bd3 Qc8 {A standard
plan. Black is going to transfer the bishop to c7 which will either assist him
to push e6-e5, or cause some favourable simplifications.} 12. O-O O-O (12...
Bd8 13. Bh2 Bc7 14. f4 Ng8 15. b4 f5 16. a4 Ndf6 17. b5 $14 {1/2-1/2 (39)
Mchedlishvili,M (2630)-Movsesian,S (2696) Germany 2013}) 13. b4 (13. Qc2 Re8
14. Bg3 g5 15. f4 gxf4 16. Bxf4 Bd8 17. e4 dxe4 18. Bxe4 Ba5 19. Bf3 e5 20.
dxe5 Nxe5 $132 {0-1 (31) Kveinys,A (2531)-Movsesian,S (2711) Ohrid 2009}) 13...
Re8 14. Bh2 Bd8 15. f4 $14 {1-0 (61) Anand,V (2791)-Wang,Y (2739) Nice 2009})
8... Bh5 $146 {This hadn't appeared in practice so far.} (8... e5 9. Bg3 Be7
10. Be2 exd4 11. exd4 Nh5 12. Bxh5 Bxh4 13. Qe2+ Be7 14. Bxg6 hxg6 15. O-O O-O
{+/=/= 0-1 (64) Sarkar,J (2408)-Perelshteyn,E (2528) Saint Louis 2012}) (8...
e6 9. Nxg6 hxg6 10. h3 {would transpose to the line 8.Nxg6, mentioned above.})
9. Qb3 Qc8 $6 {Too passive. In general, Black should take the chance to play
e7-e5 if he can.} ({As in the previous commentary, after} 9... e5 $1 {White
should keep his centre intact by} 10. Bg3 (10. Bxe5 $6 {is too greedy.} Nxe5
11. dxe5 Nd7 12. Qxb7 Bxc5 13. Nf5 O-O 14. Qxc6 Rb8 {and Black gets excellent
play.}) {Still, after} 10... Ra7 {Black has sufficient counterplay. The knight
on h4 is misplaced.}) 10. h3 e6 (10... e5 {now it's worse than on the previous
move.} {After} 11. Bh2 {White is ready to play g2-g4 at the right moment. The
black queen from c8 is not eyeing up the Nh4 anymore.}) 11. g4 Bg6 12. Nxg6
hxg6 13. Bg2 {Now I achieved the setup that I was heading for. White has space
superiority and a pair of good bishops. On the other hand Black's position has
no more weaknesses.} Be7 14. Bh2 $5 {Castling to the queenside was called for,
but I wanted to be more flexible, making some prophylaxis at first.} (14. O-O-O
Bd8 15. e4 Bc7 (15... dxe4 $6 16. g5 Nd5 17. Nxe4 $16) 16. e5 b6 {I thought
that Black could get decent counterplay here, as White's central chain might
collapse.}) 14... Bd8 (14... O-O 15. g5 {and now} Nh5 {is not attacking my
bishop. That was my idea behind 14.Bh2.} {After} 16. h4 {Black is practically
playing without a knight.}) (14... g5 15. O-O-O Bd8 16. e4 {would lead to the
same position as in the game by different order of moves.}) 15. e4 $1 {The
right moment for this push before Black can simplify the position by Bd8-c7.}
g5 $1 {Black needs this move to cover some squares and prevent the resource
g4-g5.} (15... dxe4 16. g5 Nd5 17. Nxe4 $16 {[%csl Yd6]}) (15... Nxe4 16. Bxe4
dxe4 17. Nxe4 $16) (15... Bc7 16. e5 $16) 16. O-O-O Bc7 (16... dxe4 17. Bg3 $3
{Il couldn't promise that I would find this over the board, but the idea is
very strong. The Pe4 may be captured later, meanwhile opening the h-file is
very dangerous for Black.} (17. Nxe4 $6 Nxe4 18. Bxe4 Bc7 {leads to
simplifications that favour Black.}) 17... Bc7 18. h4 gxh4 (18... Nxg4 19. hxg5
Rxh1 20. Rxh1 Bxg3 21. fxg3 $40) 19. g5 Nd5 20. Nxe4 {The knight or bishop is
sneaking to d6 and Black is in trouble.}) (16... b6 $6 {is met by a strong
piece sacrifice:} 17. exd5 cxd5 18. Nxd5 $1 {Black's king stays in the centre
for too long.} exd5 (18... Nxd5 19. Bxd5 exd5 20. Qe3+ Kf8 21. Bd6+ Kg8 22.
Qe8+ Kh7 23. Qxf7 $18) 19. Bd6 Nf8 20. f4 $1 $40) 17. e5 $16 Ng8 18. Na4 {
Fighting against b7-b6, which is Black's only hope for active counterplay.} Bd8
(18... b6 19. cxb6 Rb8 20. Qe3 {[%csl Rg5] winning a pawn.}) 19. Qe3 Qc7 20.
Kb1 Qa5 21. b3 Rb8 22. Rc1 $6 (22. Qc1 $1 {was more precise. Now Black can't
even develop the kingside knight as he did in the game.}) 22... Ne7 $1 {
Sergei immediatly spots the chance to develop the knight.} 23. f4 (23. Qxg5 $2
Nf5 24. Qf4 g5 25. Qf3 Nxd4 {is the point.}) 23... gxf4 24. Bxf4 Ng6 (24... b5
{leads nowhere after the simple} 25. Nb2) 25. Bg3 {White still keeps a clear
advantage thanks to a big space superiority. Black's king is not castled and
actually can't feel safe whenever it goes.} Bh4 26. Bxh4 Nxh4 27. Bf1 Qd8 28.
Bd3 Qe7 29. Rhf1 Kf8 $6 (29... f6 $2 {is a form of suicide while the king is
still in the centre.} 30. exf6 gxf6 31. Qg3 Rd8 32. Rce1 $18) (29... Kd8 30.
Qd2 {The black king won't be safe on the queenside either.}) ({Perhaps} 29...
O-O $5 {was a better try with an idea of f7-f6, trying to undermine White's
centre. If White plays g4-g5, then after g7-g6 Black can establish the knight
on f5, at least closing the f-file.}) 30. Rf2 Kg8 31. Rcf1 Rf8 32. Nc3 {
Bringing the last reserve into the battle. The knight has completed its job on
the queenside.} Rh6 33. Ne2 Ng6 34. Ng3 $2 {I thought that the Ph3 was taboo
and that the knight could continue its journey to h5.} (34. g5 Rh5 35. h4 $1 {
was very effective.} Rxh4 36. Qg3 Rh5 37. Rg1 Qd8 (37... Rh8 38. Nf4 Nxf4 39.
Qxf4 $18 {[%cal Gf2h2]}) 38. Bxg6 fxg6 39. Nf4 $18) 34... Qh4 $2 {Missing the
chance.} (34... Rxh3 $1 35. Bxg6 fxg6 36. Nf5 Qh4 $1 {We both overlooked this
resource.} 37. Nxh4 Rxe3 38. Nxg6 Re1+ $1 39. Kc2 Re2+ $1 40. Rxe2 Rxf1 41.
Ne7+ Kf7 42. Nc8 {[%cal Gc8d6] Black is still fighting for a draw, but his
position has improved dramatically.}) 35. Rf3 Qe7 36. Bc2 Nh4 37. R3f2 Rh8 38.
Nh5 $18 {The knight has reached an excellent attacking position.} Ng6 {This
could lose by force, but there was no satisfactory alternative anyway. All
depends on White in this position, namely on the ability to deliver the
decisive blow.} 39. Qd2 $2 {In slight time-trouble I didn't take the trouble
to calculate the piece sacrifice.} (39. Nf6+ $1 {was crushing.} gxf6 40. exf6
Qd8 41. Qg5 Rh7 42. h4 $1 e5 43. h5 e4 44. hxg6 fxg6 45. Qxg6+ Kh8 46. f7 $18)
39... Qd8 40. Bxg6 $6 (40. Qb4 $1 {was the right version of the same idea.} Qa8
41. Bxg6 fxg6 42. Nf4 a5 43. Qc3 {Black can't protect all of his pawns and has
to part with one of them.}) 40... fxg6 41. Nf4 Qe8 42. Qd3 Rh6 $6 (42... g5 43.
Nh5 Rxf2 44. Rxf2 Nf8 {was more natural. Here I wouldn't claim that White is
winning, but of course he can torture his opponent for ages.}) 43. Kb2 Rf7 44.
Qg3 $6 {I thought for quite some time and still can't explain why I didn't
play 44.g5.} (44. g5 Rh4 45. Qxg6 Nf8 46. Qd3 Rf5 47. Qg3 $18) 44... Nf8 $6 {
The same applies for my opponent...} (44... g5 45. Nh5 Rxf2+ 46. Rxf2 Nf8 {
with chances to defend.}) 45. h4 Qe7 46. Ng2 Rxf2+ 47. Qxf2 Rh8 48. g5 {
Now Black is completely squeezed, but still not collapsing.} Nd7 49. Qc2 Qe8
50. Rf4 Kh7 {The king is vulnerable on h7, but it's the only way to bring the
rook into play.} 51. Qd3 Rf8 52. h5 Rxf4 53. Nxf4 Nf8 54. hxg6+ $2 {Here I
missed those few minutes that I spent before as they were needed to calculate
the variations properly. I should have exchanged the knights. The subsequent
queen or pawn endings are won for White.} (54. Nxg6 $1 Nxg6 55. Ka3 $1 Kg8 (
55... Qf7 56. Kb4 Qe8 57. hxg6+ Qxg6 58. Qh3+ Kg8 59. Ka5 Kf7 60. Kb6 Qxg5 61.
Kxb7 Qe7+ 62. Kxc6 $18) 56. Qxg6 Qxg6 57. hxg6 Kf8 58. Kb4 Ke7 59. Ka5 Kd7 60.
Kb6 Kc8 61. b4 Kb8 62. a4 Kc8 63. b5 cxb5 64. axb5 axb5 65. Kxb5 Kc7 {and now
the classic triangultaion:} 66. Kb4 Kc8 67. Ka5 Kc7 68. Kb5 $18) 54... Kg8 55.
Qh3 Qe7 56. Qg4 Qd8 {The Pe6 can't be taken as the knight will be pinned and
captured. This trick allows enough space for the black queen, so there is no
chance for zugzwang. It looks like a fortress.} 57. b4 Qe7 58. Kc2 (58. a3 Qd8
59. Kb3 Qe7 60. a4 Qd8 {and now in the event of 61.b5 the black queen will
sneak to a5.}) 58... Qe8 59. Qh3 Qe7 60. Qh5 b5 $1 61. Qg4 Qd8 62. a3 Qe8 63.
Kd3 Qd8 64. Ke3 a5 65. Kf3 {I was going to h5 in order to release the queen
from protecting the Pg5. I knew that it's far away and a king is a slow piece,
but I thought that I had all the time in the world...} (65. Nd3 {would have
been safer.}) 65... axb4 66. axb4 Qa8 67. Kg3 {I am clearly pushing too hard,
but I stil couldn't imagine that I can lose this position.} Qa1 68. Qf3 $4 {
Blackout.} (68. Ng2 $1 {was the only move to keep the balance.}) 68... Qxd4 69.
Nxd5 $2 ({Before playing 68.Qf3 I thought that I win here by} 69. Nxe6 {
but simply overlooked that Black can take the Pe5 with check.}) (69. Kh3 $1 {
was more stubborn, but I got too frustrated.}) 69... Nxg6 $19 70. Ne3 Qh4+ 71.
Kg2 Nxe5 {Now Black has a pawn and compensation. A dramatic turnaround.} 72.
Qg3 Qe4+ 73. Kf2 Nd3+ 74. Ke2 Nf4+ 75. Kf2 Qxb4 76. Qf3 Nd3+ 77. Ke2 Ne5 78.
Qh3 Qb2+ 79. Kf1 Qb1+ 80. Kf2 Qa2+ 81. Kg1 b4 82. Qg3 Qb1+ 83. Kh2 Qe4 0-1